All Ships (Kanmusus) in Kantai Collection - Statistics

General Stats
  • This quiz has been taken 83 times
    60 since last reset
  • The average score is 95 of 221
Answer Stats
Answer % Correct
Fubuki
94%
Yamato
94%
Akagi
91%
Kaga
91%
Musashi
86%
Mutsu
83%
Nagato
83%
Zuikaku
83%
Atago
80%
Haruna
80%
Hiei
80%
Hiryuu
80%
Kongou
80%
Mutsuki
80%
Kirishima
77%
Shoukaku
77%
Soryuu
77%
Ise
71%
Kuma
71%
Shimakaze
71%
Takao
71%
Yuudachi
71%
Bismarck
69%
Hibiki
69%
Kisaragi
69%
Sendai
69%
Taihou
69%
Akatsuki
66%
Aoba
66%
Fusou
66%
Inazuma
66%
Iowa
66%
Ayanami
63%
Furutaka
63%
Houshou
63%
Ikazuchi
63%
Mogami
63%
Shigure
63%
Tenryuu
63%
Amagi
60%
Ashigara
60%
Hyuuga
60%
Kako
60%
Kamikaze
60%
Maya
60%
Myoukou
60%
Nachi
60%
Naka
60%
Saratoga
60%
Suzuya
60%
Yamashiro
60%
Z1
60%
Z3
60%
Zuihou
60%
Chitose
57%
Choukai
57%
Jintsuu
57%
Ooi
57%
Ryuujou
57%
Shouhou
57%
Tama
57%
Chikuma
54%
Chiyoda
54%
I-401
54%
I-8
54%
Kagerou
54%
Kinu
54%
Kitakami
54%
Prinz Eugen
54%
Tone
54%
Yuubari
54%
Akizuki
51%
Haguro
51%
Hamakaze
51%
Hatsuyuki
51%
Kinugasa
51%
Kumano
51%
Shiratsuyu
51%
Asashio
49%
Isuzu
49%
Jun'you
49%
Mikuma
49%
Murasame
49%
Yahagi
49%
Yukikaze
49%
Agano
46%
Akashi
46%
Akebono
46%
Amatsukaze
46%
I-19
46%
Murakumo
46%
Ooyodo
46%
Warspite
46%
Arashi
43%
Graf Zeppelin
43%
Hatsuharu
43%
Hiyou
43%
I-168
43%
Isonami
43%
Miyuki
43%
Nagara
43%
Noshiro
43%
Roma
43%
Shirayuki
43%
Teruzuki
43%
U-511
43%
Unryuu
43%
Yura
43%
Ark Royal
40%
Hatsushimo
40%
I-58
40%
Isokaze
40%
Kiso
40%
Mochizuki
40%
Sakawa
40%
Sazanami
40%
Shiranui
40%
Suzukaze
40%
Taigei
40%
Ushio
40%
Yayoi
40%
Yuugumo
40%
Zara
40%
Abukuma
37%
Aquila
37%
Kashima
37%
Kawakaze
37%
Natori
37%
Samidare
37%
Tatsuta
37%
Uzuki
37%
Akigumo
34%
Akitsu Maru
34%
Harusame
34%
I-13
34%
I-26
34%
Katori
34%
Ooshio
34%
Pola
34%
Satsuki
34%
Shikinami
34%
Tokitsukaze
34%
Wakaba
34%
Arashio
31%
Fumizuki
31%
Hatsukaze
31%
Hatsuzuki
31%
Kasumi
31%
Katsuragi
31%
Maruyu
31%
Nenohi
31%
Oboro
31%
Suzutsuki
31%
Urakaze
31%
Yamakaze
31%
Gangut
29%
Harukaze
29%
I-14
29%
Johnston
29%
Kikuzuki
29%
Maikaze
29%
Makigumo
29%
Mikazuki
29%
Minazuki
29%
Naganami
29%
Nagatsuki
29%
Nelson
29%
Kasuga Maru
26%
Oyashio
26%
Richelieu
26%
Tanikaze
26%
Tashkent
26%
Umikaze
26%
Uranami
26%
Arare
23%
Asagumo
23%
Asashimo
23%
Intrepid
23%
Kazagumo
23%
Kuroshio
23%
Litorrio
23%
Matsukaze
23%
Michishio
23%
Akitsushima
20%
Daitou
20%
Hatakaze
20%
Hiburi
20%
Jervis
20%
Kamoi
20%
Kiyoshimo
20%
Mizuho
20%
Nisshin
20%
Nowaki
20%
Sagiri
20%
Shinyou
20%
Yamagumo
20%
Amagiri
17%
Asakaze
17%
Etorofu
17%
Fujinami
17%
Gambier Bay
17%
Hayanami
17%
Kunashiri
17%
Libeccio
17%
Minegumo
17%
Samuel B. Roberts
17%
Shimushu
17%
Takanami
17%
Tsushima
17%
Gotland
14%
Hagikaze
14%
Hamanami
14%
Hayasui
14%
Maestrale
14%
Matsuwa
14%
Okinami
14%
Commandant Teste
11%
Hayashimo
11%
Kishinami
11%
Luigi Torelli
11%
Fukae
9%
No matching quizzes found
Score Distribution
Percent of People with Each Score
Percentile by Number Answered
Your Score History
You have not taken this quiz since the last reset